Stereochemistry: Fundamentals and methods. V 1 (Record no. 27975)

MARC details
000 -LEADER
fixed length control field 00331nam a2200121Ia 4500
082 ## - DEWEY DECIMAL CLASSIFICATION NUMBER
Classification number 541.251
Item number STE.1
245 #0 - TITLE STATEMENT
Title Stereochemistry: Fundamentals and methods. V 1
260 ## - PUBLICATION, DISTRIBUTION, ETC. (IMPRINT)
Place of publication Stuttgart
Name of publisher George Thieme
Year of publication 1977
650 ## - SUBJECT ADDED ENTRY--TOPICAL TERM
Topical Term Stereochemistry
700 ## - ADDED ENTRY--PERSONAL NAME
Personal name Kagan, Henri B
942 ## - ADDED ENTRY ELEMENTS (KOHA)
Koha item type Books
Holdings
Withdrawn status Lost status Damaged status Not for loan Home library Current library Date acquired Cost, normal purchase price Full call number Accession Number Koha item type
        RRII Library RRII Library 16/12/2021 78.00 541.251 STE.1 08590 Books